000 00269nam a22001217a 4500
008 190205b xxu||||| |||| 00| 0 eng d
041 _aeng
080 _a338
100 _a52
101 _aMNG
245 _aPublic Personnel Management
_cKlinger, D.E
942 _2udc
_cBK
999 _c53995
_d53995